LEADER 00956nam a2200241 i 4500 001 000000130125 003 CaOOAMICUS 005 20041015000000.0 008 041015s1994 it u000 u ita u 013 $a102858 020 $a88-7305-482-X 040 $aSeMil$bita 100 1 $aPigafetta, Antonio,$d<1492-1531>.$0(OLS)http://semarc/name/5866 245 13$aIl primo viaggio intorno al mondo :$bcon il Trattato della Sfera. 300 $a313 p. 500 $aFondo Card. C.M. Martini. 773 0 $aPigafetta, Antonio <1492-1531>$tPrimo viaggio intorno al mondo.$dVicenza : Neri Pozza, 1994.$w()12285 850 $aSeMil 852 $aSeMil$W1$xVenegono$y1$m4Y VII 51$j84192$B84192$CSeMilBibl$Z2$F87699 $81 941 1 $a4 961 $aOmaggio: Martini Card. Carlo Maria 996 $6020$a88-7305-482-X$9(OLS)http://semarc/number/116981 996 $6245$aIl primo viaggio intorno al mondo :$bcon il Trattato della Sfera$9(OLS)http://semarc/title/191755 LEADER 00926nam a2200229 4500 001 000000362566 003 CaOOAMICUS 005 20250417164846.0 008 250416s199u it 000 u ita r 040 $aSeMil$bita 100 1 $aDick, Philip Kindred,$d<1928-1982>.$0(OLS)http://semarc/name/93233 245 12$aI difensori della terra :$b(atto di forza) /$cPhilip K. Dick. 264 1$aRoma :$bFanucci,$c199?] 300 $a242 p. ;$c19 cm 490 1 $aBiblioteca di fantascienza ;$v12 830 0$aBiblioteca di fantascienza ;$v12.$0(OLS)http://semarc/title/453496 850 $aSeMil 852 $aSeMil$W1$xVenegono$y1$m1W I 698$j256128$B253477$CSeMilBibl$Z2$F253477 $81 961 $aBrambilla don Paolo - Omaggio 996 $6245$aI difensori della terra :$b(atto di forza)$9(OLS)http://semarc/title/453495 996 $6264$aRoma :$bFanucci$9(OLS)http://semarc/publisher/57156